| 000 | 01067nam a22002657a 4500 | ||
|---|---|---|---|
| 005 | 20091111111733.0 | ||
| 008 | 091111t xxu||||| |||| 00| j hin d | ||
| 010 | _aHIN-92495 | ||
| 020 |
_c150.00 _a9788187988359 |
||
| 035 | _aHN-64841 | ||
| 037 | _bDBAD / PUB | ||
| 040 |
_aDPL _bHN |
||
| 082 | _aक | ||
| 100 |
_aअजय अनुरागी _927478 |
||
| 245 |
_aवेताल पचीसी / _cअजय अनुरागी |
||
| 246 |
_aVetal pcheechi _bby Ajay Anuragee |
||
| 250 | _a2रा संस्क | ||
| 260 |
_aजयपुर _bज्योति प्रकाशन _c2011 |
||
| 270 |
_a187, बरकत नगर, टोंक फाटक _bजयपुर _e302015 |
||
| 300 |
_a128पृ _c22सेमी (सजिल्द) |
||
| 650 |
_aलघु कथाएँ, हिन्दी _91169 |
||
| 650 |
_aShort Stories _91170 |
||
| 942 |
_2ddc _cHN _hक _mअजय |
||
| 999 |
_c51907 _d51907 |
||